| 000 | 00520 a2200145 4500 | ||
|---|---|---|---|
| 999 |
_c7049 _d7049 |
||
| 020 | _a9781107111226 | ||
| 050 | _aHD 5856 BOL 2015 | ||
| 100 |
_aBolt,Maxim _eauthor |
||
| 245 |
_aZimbabwe's migrants and South Africa's border farms : _b the roots of impermanence / _cMaxim Bolt |
||
| 264 |
_aNew York : _bCambridge University Press, _c2015. |
||
| 300 | _a256p.: | ||
| 500 | _ainclude index and reference. | ||
| 650 |
_aMigrant agricultural laborers . _xSouth Africa -- Social conditions. |
||
| 942 |
_2lcc _cBK _h5856 _iBOL _kHD |
||